| 000 | 01347cam a2200373 i 4500 | ||
|---|---|---|---|
| 999 |
_c7339 _d7339 |
||
| 001 | 17893619 | ||
| 003 | GZU | ||
| 005 | 20220224094326.0 | ||
| 008 | 130920s2014 nyu b 001 0 eng | ||
| 010 | _a 2013036192 | ||
| 020 | _z9780750639521 | ||
| 040 |
_aDLC _beng _cDLC _erda _dDLC |
||
| 042 | _apcc | ||
| 050 | 0 | 0 |
_aHD 62.15 _b.OAK 2000 |
| 082 | 0 | 0 |
_a658.4/013 _223 |
| 084 |
_aBUS000000 _aBUS053000 _aBUS065000 _2bisacsh |
||
| 100 | 1 | _aOakland, John S. | |
| 245 | 1 | 0 |
_aTotal quality management : _btext with cases / _cJohn S. Oakland. |
| 250 | _a2nd edition. | ||
| 264 | 1 |
_aOxford : _bButterworth-Heinemann, _c2000. |
|
| 300 |
_axii, 380 pages : _cills, map ; 25 cm |
||
| 336 |
_atext _2rdacontent |
||
| 337 |
_aunmediated _2rdamedia |
||
| 338 |
_avolume _2rdacarrier |
||
| 504 | _aIncludes bibliographical references and index. | ||
| 650 | 0 | _aTotal quality management. | |
| 650 | 0 |
_aTotal quality management _vCase studies. |
|
| 650 | 7 |
_aBUSINESS & ECONOMICS / General. _2bisacsh |
|
| 650 | 7 |
_aBUSINESS & ECONOMICS / Quality Control. _2bisacsh |
|
| 650 | 7 |
_aBUSINESS & ECONOMICS / Total Quality Management. _2bisacsh |
|
| 906 |
_a7 _bcbc _corignew _d1 _eecip _f20 _gy-gencatlg |
||
| 942 |
_2lcc _cBK _e2nd edition _h62.15 _iOAK _kHD |
||